Text, cases and materials on medical law / (Record no. 22069)
[ view plain ]
| 000 -LEADER | |
|---|---|
| fixed length control field | 01412cam a22002895a 4500 |
| 001 - CONTROL NUMBER | |
| control field | 18155959 |
| 005 - DATE AND TIME OF LATEST TRANSACTION | |
| control field | 20160728151951.0 |
| 008 - FIXED-LENGTH DATA ELEMENTS--GENERAL INFORMATION | |
| fixed length control field | 140519s2015 enk frb 001 0 eng d |
| 010 ## - LIBRARY OF CONGRESS CONTROL NUMBER | |
| LC control number | 2014019774 |
| 020 ## - INTERNATIONAL STANDARD BOOK NUMBER | |
| International Standard Book Number | 9781447901204 (pbk.) |
| 020 ## - INTERNATIONAL STANDARD BOOK NUMBER | |
| International Standard Book Number | 1447901207 (pbk.) |
| 040 ## - CATALOGING SOURCE | |
| Original cataloging agency | DLC |
| Language of cataloging | eng |
| Transcribing agency | DLC |
| Modifying agency | EG-ScBUE |
| 043 ## - GEOGRAPHIC AREA CODE | |
| Geographic area code | e-uk--- |
| 082 04 - DEWEY DECIMAL CLASSIFICATION NUMBER | |
| Classification number | 344.41041 |
| Item number | CHE |
| Edition number | 22 |
| 100 1# - MAIN ENTRY--PERSONAL NAME | |
| Personal name | Cherkassky, Lisa. |
| 9 (RLIN) | 40535 |
| 245 10 - TITLE STATEMENT | |
| Title | Text, cases and materials on medical law / |
| Statement of responsibility, etc | Lisa Cherkassky. |
| 260 ## - PUBLICATION, DISTRIBUTION, ETC. (IMPRINT) | |
| Place of publication, distribution, etc | Harlow : |
| Name of publisher, distributor, etc | Pearson Education, |
| Date of publication, distribution, etc | c.2015. |
| 300 ## - PHYSICAL DESCRIPTION | |
| Extent | xxxiii, 820 p. ; |
| Dimensions | 25 cm. |
| 500 ## - GENERAL NOTE | |
| General note | Index : p. [799]-820. |
| 504 ## - BIBLIOGRAPHY, ETC. NOTE | |
| Bibliography, etc | Bibliography : p. 790-798. |
| 505 8# - FORMATTED CONTENTS NOTE | |
| Formatted contents note | Chapter 1: The ethics of medical law Chapter 2: The allocation of healthcare resources Chapter 3: Medical negligence Chapter 4: Consent Chapter 5: Confidentiality Chapter 6: Abortion Chapter 7: Mental health law Chapter 8: Assisted conception Chapter 9: Organs Chapter 10: Medical research Chapter 11: The end of life |
| 520 ## - SUMMARY, ETC. | |
| Summary, etc | Text, Cases and Materials on Medical Law combines detailed commentary and analysis of the law with excerpts from a range of sources, both legal and non-legal, to help set the law in context and deepen your knowledge of this contentious and highly emotive area of law. |
| 650 #0 - SUBJECT ADDED ENTRY--TOPICAL TERM | |
| Topical term or geographic name as entry element | Medical laws and legislation |
| Geographic subdivision | Great Britain. |
| Source of heading or term | BUEsh |
| 651 ## - SUBJECT ADDED ENTRY--GEOGRAPHIC NAME | |
| Source of heading or term | BUEsh |
| 653 ## - INDEX TERM--UNCONTROLLED | |
| Resource For college | Law |
| Arrived date list | July2016 |
| 942 ## - ADDED ENTRY ELEMENTS (KOHA) | |
| Source of classification or shelving scheme | Dewey Decimal Classification |
| Withdrawn status | Item status | Source of classification or shelving scheme | Damaged status | Not for loan | Vendor | Home library | Current library | Shelving location | Date acquired | Source of acquisition | Cost, normal purchase price | Serial Enumeration / chronology | Total Checkouts | Full call number | Barcode | Date last seen | Cost, replacement price | Koha item type |
|---|---|---|---|---|---|---|---|---|---|---|---|---|---|---|---|---|---|---|
| Dewey Decimal Classification | Baccah | Central Library | Central Library | First floor | 28/07/2016 | Purchase | 314.00 | 26080 | 344.41041 CHE | 000033068 | 15/07/2025 | 492.50 | Book - Borrowing | |||||
| Dewey Decimal Classification | Baccah | Central Library | Central Library | First floor | 28/07/2016 | Purchase | 394.00 | 26080 | 344.41041 CHE | 000033069 | 15/07/2025 | 492.50 | Book - Borrowing |